Ο Χιλιασμός : (αναίρεσις των αντίχριστων διδασκαλιών των χιλιαστών)

Αποθηκεύτηκε σε:
Λεπτομέρειες βιβλιογραφικής εγγραφής
Κύριος συγγραφέας: Τρεμπέλας, Παναγιώτης Ν., 1886-1977
Μορφή: Βιβλίο
Γλώσσα:Greek
Δημοσίευση: Αθήναι : Αδελφότης θεολόγων η <<Ζωή>>, 1959
Έκδοση:5η έκδ., επηυξημένη
Θέματα:
Ετικέτες: Προσθήκη ετικέτας
Δεν υπάρχουν, Καταχωρήστε ετικέτα πρώτοι!

MARC

LEADER 00000cam a2200000 i 4500
001 1/95805
008 081020s1959 gre d
035 |l 10101038 
040 |a GR-MY-UA  |b gre  |e aacr 
041 0 |a gre 
082 0 |a 289.92  |2 (22) 
100 1 |a Τρεμπέλας, Παναγιώτης Ν.,   |d 1886-1977. 
245 1 2 |a Ο Χιλιασμός :  |b (αναίρεσις των αντίχριστων διδασκαλιών των χιλιαστών) /  |c Παν. Ν. Τρεμπέλα 
250 |a 5η έκδ., επηυξημένη 
260 |a Αθήναι :   |b Αδελφότης θεολόγων η <<Ζωή>>,   |c 1959 
300 |a 112 σ.;  |c 17 εκ. 
504 |a Περιλαμβάνει βιβλιογραφία 
650 0 0 |a Jehovah's Witnesses  |x Controversial literature. 
650 0 0 |a Christian sects. 
852 |a INST  |b RHODES  |c AKA  |e 20081020  |h  289.92 ΤΡΕ  |p 005400030981  |q 005400030981  |t BK  |y 0 
901 |a BIBL4-2008-3 
909 |a Ρ  |b 153420 
970 |a ΧΑΡΙΟΠΟΛΙΤΟΥ  |b ΚΩΝΣΤΑΝΤΙΝΑ  |z 2008/10/20